000 01995nam0a2200361 4500
001 RU\NLR\bibl\378024
005 20260406114404.0
010 _a5-88186-365-8
_9500
035 _a(NLR Aleph) 000372467
090 _a404371
_c404371
100 _a20030318d2001 |||y0rusy50 ca
101 0 _arus
_deng
102 _aRU
105 _aa |||||||||
200 1 _aАкклиматизация и биотехния в системе управления популяциями охотничьих животных
_f[Владимир Михайлович Глушков, Николай Николаевич Граков, Владимир Иванович Гревцов и др.]
_gПод ред. Н.Н. Гракова
_gРос. акад. с.-х. наук РФ, Всерос.НИИ охотничьего хоз-ва и звероводства им. проф. Б.М. Житкова (ВНИИОЗ)
210 _aКиров
_cВНИИОЗ
_d2001
215 _a201,[1] с.
_cил.
_d20
300 _aРез. на англ. яз.
320 _aБиблиогр.: с. 182-202
606 0 _aПромысловые животные
_xАкклиматизация
_92040408
_3RU\NLR\auth\66940586
606 0 _aПромысловые животные
_xИнтродукция
_92280888
_3RU\NLR\auth\661366561
686 _aП718-2
701 1 _aГлушков
_bВ. М.
_gВладимир Михайлович
_4070
701 1 _aГраков
_bН. Н.
_gНиколай Николаевич
_4070
701 1 _aГревцов
_bВ. И.
_gВладимир Иванович
_4070
702 1 _aГраков
_bН. Н.
_gНиколай Николаевич
_4340
712 0 2 _4570
_aВсероссийский НИИ охотничьего хозяйства и звероводства им. Б. М. Житкова
_cКиров
_3RU\NLR\AUTH\8810583
_9293750
801 0 _aRU
_bNLR
_c20030318
_gPSBO
801 1 _aRU
_bNLR
_c20030318
830 _aАвт. по кн.
942 _cBOOK
980 _aNB